00599nam a2200181Ia 4500003000900000008004100009020001800050040001600068080001600084245014700100260004200247300001400289650004100303650001900344650001800363650000800381700002800389IN-BaIIA211028s9999 xx 000 0 eng d a90-277-1862-8 cIIA Library a523.92bSTU 0aPhysics of the Sunbvol. III, astrophysics and solar terrestrial relationscedited by Peter A Sturrock  aDordrechtbD. Reidel Publishingc1986 aix, 286p. aAstronomy and Astrophysics Thesaurus aSolar Interior aSolar Physics aSun aSturrock, Peter A., ed.